[Event "ENCI Limburg-open B"]
[Site "Maastricht"]
[Date "2008.05.09"]
[Round "1"]
[White "Dirksen, Pieter"]
[Black "Bokern, Paul"]
[Result "1-0"]
[WhiteElo "1518"]
[BlackElo "1268"]
[PlyCount "56"]
[EventDate "2008.05.09"]
[EventType "swiss"]
[EventRounds "7"]
[EventCountry "NED"]
[Source "P.Boonen"]
[SourceDate "2010.01.01"]

1. e4 e6 2. d4 d5 3. exd5 exd5 4. Nf3 Bg4 5. Be2 Nf6 6. Bg5 Be7 7. Nc3 Ne4 8.
Bxe7 Qxe7 9. Nxd5 Qd6 10. Ne3 Qb4+ 11. c3 Qxb2 12. O-O Nxc3 13. Nc4 Qxe2 14.
Re1 O-O 15. Rxe2 Nxd1 16. Rxd1 Nc6 17. a3 Rad8 18. d5 b5 19. Ne3 Ne5 20. Nxg4
Nxg4 21. Re7 c6 22. d6 Ra8 23. Nd4 Nf6 24. Nxc6 Rac8 25. Nxa7 Rb8 26. d7 Kh8
27. Nc6 Rb7 28. d8=Q Rxd8 1-0

[Event "ENCI Limburg-open B"]
[Site "Maastricht"]
[Date "2008.05.09"]
[Round "1"]
[White "Franssen, John2"]
[Black "Hein, Andreas"]
[Result "1/2-1/2"]
[WhiteElo "1799"]
[BlackElo "1637"]
[PlyCount "159"]
[EventDate "2008.05.09"]
[EventType "swiss"]
[EventRounds "7"]
[EventCountry "NED"]
[Source "P.Boonen"]
[SourceDate "2010.01.01"]

1. d4 d5 2. c4 c6 3. e3 Nf6 4. Nc3 Bf5 5. Nf3 e6 6. Bd3 Bxd3 7. Qxd3 Bb4 8. O-O
O-O 9. a3 Bxc3 10. bxc3 Nbd7 11. cxd5 exd5 12. Ng5 h6 13. Nh3 Re8 14. f3 c5 15.
Nf2 cxd4 16. cxd4 Rc8 17. Bd2 Nb6 18. e4 Nc4 19. Bc1 Re6 20. e5 Nd7 21. f4 Rec6
22. f5 Na5 23. Qf3 Rc3 24. Qg4 R8c6 25. f6 Nxf6 26. exf6 Rxf6 27. Bd2 Rc4 28.
Bxa5 Qxa5 29. Nd3 Rxf1+ 30. Rxf1 Qxa3 31. Rd1 Qb3 32. h3 Rxd4 33. Qxd4 Qxd1+
34. Kh2 Qb3 35. Ne5 Qb6 36. Qxd5 Qc7 37. Kg3 Kf8 38. Kf3 a5 39. Ke3 a4 40. Nd7+
Ke7 41. Nc5 b5 42. Ne4 b4 43. Qd4 Qc1+ 44. Kf3 Qf1+ 45. Kg3 Qe1+ 46. Kh2 f6 47.
Qa7+ Kf8 48. Qb8+ Kf7 49. Qc7+ Kg6 50. Qe7 Qa1 51. Qxb4 a3 52. Nc3 Kh7 53. Qe4+
Kh8 54. Qd3 Qb2 55. Qd8+ Kh7 56. Qa5 Qa1 57. Qf5+ Kh8 58. Qc2 Kg8 59. Qb3+ Kh8
60. g3 Qc1 61. Nb1 Qe1 62. Qa2 h5 63. Nxa3 h4 64. Qg2 Qc3 65. Qa8+ Kh7 66. gxh4
Qe5+ 67. Kg2 Qe2+ 68. Kg3 Qe1+ 69. Kf4 Qxh4+ 70. Ke3 Qxh3+ 71. Kd2 f5 72. Nc2
Qh2+ 73. Kd3 Qd6+ 74. Nd4 g6 75. Ke3 Qe5+ 76. Kd3 Qh2 77. Qb7+ Kh6 78. Qe7 Qh5
79. Ne6 Qf3+ 80. Kd4 1/2-1/2

[Event "ENCI Limburg-open B"]
[Site "Maastricht"]
[Date "2008.05.09"]
[Round "1"]
[White "Freriks, Oscar"]
[Black "Springelkamp, Gerdien"]
[Result "0-1"]
[WhiteElo "1453"]
[BlackElo "1096"]
[PlyCount "62"]
[EventDate "2008.05.09"]
[EventType "swiss"]
[EventRounds "7"]
[EventCountry "NED"]
[Source "P.Boonen"]
[SourceDate "2010.01.01"]

1. e4 e5 2. Nf3 Nc6 3. d4 d6 4. Bb5 Bd7 5. Nc3 h6 6. Bxc6 bxc6 7. dxe5 Bg4 8.
exd6 Bxd6 9. Qe2 Bb4 10. Bd2 Nf6 11. e5 O-O 12. O-O Nd7 13. Qe4 Bxf3 14. Qxf3
Nxe5 15. Qg3 Qxd2 16. Qxe5 Qxc2 17. Ne4 Rae8 18. Nf6+ gxf6 19. Qxf6 Kh7 20.
Rac1 Qe4 21. Rxc6 Re6 22. Rxe6 fxe6 23. f3 Qe3+ 24. Kh1 Rxf6 25. Rd1 Qe2 26.
Rd7+ Kg6 27. h3 Qf1+ 28. Kh2 Bd6+ 29. g3 Bxg3+ 30. Kxg3 Qg1+ 31. Kh4 Rf4# 0-1

[Event "ENCI Limburg-open B"]
[Site "Maastricht"]
[Date "2008.05.09"]
[Round "1"]
[White "Ghafuri, Asef"]
[Black "De Lange, Gerard"]
[Result "0-1"]
[WhiteElo "1765"]
[BlackElo "1611"]
[PlyCount "130"]
[EventDate "2008.05.09"]
[EventType "swiss"]
[EventRounds "7"]
[EventCountry "NED"]
[Source "P.Boonen"]
[SourceDate "2010.01.01"]

1. e4 e6 2. Nf3 b6 3. Be2 Bb7 4. d3 g6 5. Nc3 Bg7 6. Bd2 Ne7 7. h3 d5 8. exd5
Nxd5 9. Nxd5 Bxd5 10. c3 O-O 11. O-O c5 12. Bf4 Nd7 13. d4 cxd4 14. Nxd4 Nc5
15. Nc2 Qf6 16. Be3 Rad8 17. Qc1 Be4 18. Nd4 Qe7 19. f3 Ba8 20. Rd1 e5 21. Nc2
Ne6 22. Nb4 Nf4 23. Bf1 Rxd1 24. Qxd1 Qg5 25. Kh2 Rd8 26. Qe1 Qf5 27. Rd1 Bf6
28. Rxd8+ Bxd8 29. Qd2 Bg5 30. Nd3 Ne6 31. Bxg5 Nxg5 32. Ne1 Ne6 33. Bc4 Kg7
34. Nd3 e4 35. fxe4 Qxe4 36. Bxe6 Qxe6 37. a3 Qd6+ 38. Qf4 Qxd3 39. Qe5+ Kh6
40. Qf4+ g5 41. Qf6+ Qg6 42. Qd8 Qc6 43. Qf8+ Kg6 44. Qg8+ Kf6 45. Qd8+ Ke6 46.
Qxg5 Qe4 47. Qh6+ Ke7 48. Qg5+ Kd7 49. Qg7 Bd5 50. b4 Qg6 51. Qxg6 fxg6 52. Kg3
h5 53. Kf2 Kc6 54. a4 Bb3 55. a5 b5 56. Ke3 Kd5 57. g3 a6 58. Kd3 Bc4+ 59. Ke3
Ke5 60. Kf3 Be6 61. h4 Kd5 62. Ke3 Kc4 63. Kd2 Bf5 64. Ke3 Kxc3 65. Kf4 Kxb4
0-1

[Event "ENCI Limburg-open B"]
[Site "Maastricht"]
[Date "2008.05.09"]
[Round "1"]
[White "Gheury, Jean Marie"]
[Black "Coenjaerts, Rene"]
[Result "1/2-1/2"]
[WhiteElo "1867"]
[BlackElo "1696"]
[PlyCount "41"]
[EventDate "2008.05.09"]
[EventType "swiss"]
[EventRounds "7"]
[EventCountry "NED"]
[Source "P.Boonen"]
[SourceDate "2010.01.01"]

1. d4 d5 2. Bf4 Nf6 3. e3 e6 4. Nf3 Nbd7 5. Bd3 c5 6. c3 Be7 7. Nbd2 Qb6 8. Rb1
O-O 9. Ne5 Nxe5 10. dxe5 Nd7 11. Qg4 f5 12. Qg3 Qd8 13. h4 Rf7 14. Nf3 Nf8 15.
Ng5 Bxg5 16. Bxg5 Qc7 17. h5 Nd7 18. f4 b6 19. O-O Bb7 20. Qf2 Qc6 21. b4
1/2-1/2

[Event "ENCI Limburg-open B"]
[Site "Maastricht"]
[Date "2008.05.09"]
[Round "1"]
[White "Glasbeek, Steven"]
[Black "Debusschere, Helmuth"]
[Result "1-0"]
[WhiteElo "1660"]
[BlackElo "1815"]
[PlyCount "81"]
[EventDate "2008.05.09"]
[EventType "swiss"]
[EventRounds "7"]
[EventCountry "NED"]
[Source "P.Boonen"]
[SourceDate "2010.01.01"]

1. e4 d6 2. d4 Nf6 3. Nc3 g6 4. h3 Bg7 5. Nf3 O-O 6. Be2 c6 7. a4 Qc7 8. O-O
Nbd7 9. Be3 e5 10. Qd2 Re8 11. d5 c5 12. Nb5 Qb8 13. Bd3 a6 14. Na3 b6 15. Rfb1
a5 16. Qe2 Rf8 17. Nd2 h6 18. c3 Bb7 19. Bb5 Qd8 20. f3 Nb8 21. b4 axb4 22.
cxb4 cxb4 23. Rxb4 Nfd7 24. Bxd7 Nxd7 25. Ndc4 Ba6 26. Qf2 Bxc4 27. Nxc4 Nc5
28. Bxc5 bxc5 29. Rb6 f5 30. Rxd6 Qg5 31. Qd2 f4 32. Nb6 Rad8 33. Rc6 Rf6 34.
d6 Kh8 35. a5 Bf8 36. a6 Rfxd6 37. Rxd6 Rxd6 38. Qxd6 Bxd6 39. a7 c4 40. a8=Q+
Kg7 41. Ra7+ 1-0

[Event "ENCI Limburg-open B"]
[Site "Maastricht"]
[Date "2008.05.09"]
[Round "1"]
[White "Gransier, Theo"]
[Black "Marcoen, Tom"]
[Result "0-1"]
[WhiteElo "1584"]
[BlackElo "1384"]
[PlyCount "72"]
[EventDate "2008.05.09"]
[EventType "swiss"]
[EventRounds "7"]
[EventCountry "NED"]
[Source "P.Boonen"]
[SourceDate "2010.01.01"]

1. f4 d5 2. Nf3 Nf6 3. e3 Bg4 4. Be2 e6 5. O-O Bc5 6. b3 c6 7. Bb2 Nbd7 8. Nc3
Qc7 9. Na4 Bd6 10. h3 Bxf3 11. Bxf3 O-O-O 12. Nc3 h6 13. Ne2 g5 14. Ng3 gxf4
15. Nh5 Be5 16. Bxe5 Qxe5 17. Nxf4 Rdg8 18. Qe1 Ne4 19. d4 Qf5 20. Bxe4 Qxe4
21. Qe2 Rg5 22. Qd3 Nf6 23. Rae1 Rhg8 24. Rf2 Rf5 25. Qxe4 Nxe4 26. Rfe2 a6 27.
Rf1 Ng3 28. Rfe1 Nxe2+ 29. Rxe2 Kd7 30. Nd3 b6 31. Ne5+ Kd6 32. Ng4 Rg6 33. Ne5
Rg7 34. Ng4 h5 35. Nh2 f6 36. Nf3 Rxf3 0-1

[Event "ENCI Limburg-open B"]
[Site "Maastricht"]
[Date "2008.05.09"]
[Round "1"]
[White "Gunther, Marcella"]
[Black "Bieberle, Gerhard"]
[Result "0-1"]
[WhiteElo "1628"]
[BlackElo "1789"]
[PlyCount "90"]
[EventDate "2008.05.09"]
[EventType "swiss"]
[EventRounds "7"]
[EventCountry "NED"]
[Source "P.Boonen"]
[SourceDate "2010.01.01"]

1. e4 c5 2. Nf3 Nc6 3. c3 g6 4. d4 cxd4 5. cxd4 Bg7 6. Be3 Nf6 7. Nc3 d6 8. h3
O-O 9. Bd3 Ne8 10. O-O f5 11. exf5 gxf5 12. Bg5 Bf6 13. d5 Nb4 14. Be2 Bxg5 15.
Nxg5 e5 16. dxe6 Qxg5 17. Qb3 Nc6 18. e7+ Rf7 19. Bc4 Qg7 20. Bxf7+ Qxf7 21.
Qxf7+ Kxf7 22. Rfe1 Bd7 23. Nd5 Be6 24. Nf4 Nc7 25. Nxe6 Nxe6 26. Rad1 Kxe7 27.
Rd5 Ne5 28. Red1 Rd8 29. g3 f4 30. Rb5 b6 31. Rb4 fxg3 32. fxg3 Rd7 33. a4 d5
34. Kf2 Ng5 35. h4 Ne4+ 36. Kg2 Ke6 37. Rb5 Nc4 38. Re1 Ke5 39. Rb4 Ncd2 40. a5
bxa5 41. Ra4 Nc4 42. b3 Ncd2 43. Re3 Rb7 44. Rxa5 Nxb3 45. Kf3 Nxa5 0-1

[Event "ENCI Limburg-open B"]
[Site "Maastricht"]
[Date "2008.05.09"]
[Round "1"]
[White "Hebels, Alex"]
[Black "Kleijnen, Jos"]
[Result "0-1"]
[WhiteElo "1146"]
[BlackElo "1484"]
[PlyCount "34"]
[EventDate "2008.05.09"]
[EventType "swiss"]
[EventRounds "7"]
[EventCountry "NED"]
[Source "P.Boonen"]
[SourceDate "2010.01.01"]

1. c4 e5 2. g3 Nf6 3. Bg2 c6 4. d4 Bb4+ 5. Nc3 Qe7 6. a3 Bxc3+ 7. bxc3 O-O 8.
e3 d6 9. Rb1 Bf5 10. Rb3 e4 11. d5 Na6 12. Ne2 Nc5 13. Rb1 Nd3+ 14. Kf1 Ng4 15.
Qa4 c5 16. h3 Qf6 17. hxg4 Bd7 0-1

[Event "ENCI Limburg-open B"]
[Site "Maastricht"]
[Date "2008.05.09"]
[Round "1"]
[White "Heijltjes, Thijs"]
[Black "Ingelaere, Arthur"]
[Result "1-0"]
[WhiteElo "1446"]
[BlackElo "986"]
[PlyCount "57"]
[EventDate "2008.05.09"]
[EventType "swiss"]
[EventRounds "7"]
[EventCountry "NED"]
[Source "P.Boonen"]
[SourceDate "2010.01.01"]

1. e4 e6 2. Nf3 d5 3. exd5 exd5 4. Be2 Nc6 5. O-O Bd6 6. d4 Be6 7. Be3 Nf6 8.
Nfd2 O-O 9. c4 Ne4 10. Nxe4 dxe4 11. d5 Be5 12. Nc3 Qh4 13. g3 Qf6 14. dxc6
Rad8 15. Qc1 bxc6 16. Bg5 Qg6 17. Bxd8 Rxd8 18. Rd1 Rc8 19. Qe3 a6 20. Qxe4
Qxe4 21. Nxe4 Bxb2 22. Rab1 Ba3 23. Rb3 Be7 24. Rdb1 Bxc4 25. Bxc4 Bf8 26. Rb8
Rxb8 27. Rxb8 h6 28. Nc5 g5 29. Nd7 1-0

[Event "ENCI Limburg-open B"]
[Site "Maastricht"]
[Date "2008.05.09"]
[Round "1"]
[White "Heman, Frans"]
[Black "Palm, Hans"]
[Result "1-0"]
[WhiteElo "1555"]
[BlackElo "1362"]
[PlyCount "99"]
[EventDate "2008.05.09"]
[EventType "swiss"]
[EventRounds "7"]
[EventCountry "NED"]
[Source "P.Boonen"]
[SourceDate "2010.01.01"]

1. f4 Nc6 2. Nf3 d6 3. e3 Nf6 4. b3 g6 5. Bb2 Bg7 6. Bb5 Bd7 7. O-O Nh5 8. Bxg7
Nxg7 9. Nc3 a6 10. Bc4 Be6 11. Qe2 d5 12. Bd3 Bg4 13. h3 Bxf3 14. Qxf3 e6 15.
Ne2 Qd7 16. a4 f5 17. Rad1 O-O-O 18. Nc1 Ne8 19. Qe2 Nb8 20. c3 Nf6 21. Kh2 h6
22. Bc2 g5 23. g3 Qf7 24. Rh1 Rhg8 25. Nd3 Nc6 26. b4 Qg7 27. Rhg1 Qg6 28. b5
axb5 29. axb5 Nb8 30. Ra1 b6 31. Ne5 Qh5 32. Qxh5 Nxh5 33. Ra8 Rdf8 34. Nc6 Kd7
35. Ne5+ Ke7 36. Bd1 Nf6 37. Ra7 Kd6 38. d3 Nbd7 39. d4 Ne4 40. c4 Nxe5 41.
dxe5+ Kd7 42. cxd5 exd5 43. Bf3 Rc8 44. Rd1 Ke6 45. Rc1 Nc5 46. Rd1 Rgd8 47.
Ra2 Ra8 48. Rxa8 Rxa8 49. Bxd5+ Ke7 50. Bxa8 1-0

[Event "ENCI Limburg-open B"]
[Site "Maastricht"]
[Date "2008.05.09"]
[Round "1"]
[White "Herzet, Serge"]
[Black "Rieksen, Richard"]
[Result "1/2-1/2"]
[WhiteElo "1856"]
[BlackElo "1684"]
[PlyCount "144"]
[EventDate "2008.05.09"]
[EventType "swiss"]
[EventRounds "7"]
[EventCountry "NED"]
[Source "P.Boonen"]
[SourceDate "2010.01.01"]

1. e4 c5 2. Nf3 d6 3. Be2 Nc6 4. d4 cxd4 5. Nxd4 Nf6 6. Nc3 g6 7. Be3 Bg7 8.
O-O O-O 9. h3 d5 10. exd5 Nxd5 11. Nxd5 Qxd5 12. Bf3 Qd7 13. Nxc6 bxc6 14. Qxd7
Bxd7 15. Rfd1 Rfd8 16. c3 Be5 17. Rd2 Bd6 18. Rad1 Rdc8 19. c4 Be6 20. c5 Be5
21. Bh6 Bg7 22. Bxg7 Kxg7 23. b3 Rc7 24. Rd4 a5 25. R1d2 Raa7 26. Kf1 h5 27.
Ke1 Ra6 28. g4 hxg4 29. hxg4 Raa7 30. Kd1 g5 31. Kc1 f6 32. Kb2 Kf7 33. Be2 Bd5
34. Bd1 e6 35. R4d3 Rcb7 36. Rh3 a4 37. Rh7+ Kg8 38. Rxb7 Rxb7 39. Kc3 axb3 40.
axb3 Ra7 41. Rd4 Ra5 42. b4 Ra3+ 43. Kd2 Ra2+ 44. Ke3 Kf7 45. Rd2 Ra1 46. Bc2
Ke7 47. Rd1 Ra2 48. Rd2 Rb2 49. Bd1 Rxb4 50. Rc2 e5 51. Rc3 Ke6 52. f3 Rc4 53.
Rc2 Rd4 54. Be2 Rb4 55. Rc3 Rb3 56. Kd2 Rxc3 57. Kxc3 e4 58. fxe4 Bxe4 59. Kd4
Bd5 60. Bd3 Ke7 61. Be2 Bf7 62. Bf3 Kd7 63. Be2 Be6 64. Ke4 Ke7 65. Bd1 Bg8 66.
Be2 Bh7+ 67. Kd4 f5 68. gxf5 Bxf5 69. Ke5 Be6 70. Bf3 Kd7 71. Be4 g4 72. Kf4
Kc7 1/2-1/2

[Event "ENCI Limburg-open B"]
[Site "Maastricht"]
[Date "2008.05.09"]
[Round "1"]
[White "Heuts, Guido"]
[Black "Augustin, Petr"]
[Result "1-0"]
[WhiteElo "1498"]
[BlackElo "1175"]
[PlyCount "65"]
[EventDate "2008.05.09"]
[EventType "swiss"]
[EventRounds "7"]
[EventCountry "NED"]
[Source "P.Boonen"]
[SourceDate "2010.01.01"]

1. d4 f5 2. c4 d6 3. Nc3 Nf6 4. Nf3 Nbd7 5. Bf4 h6 6. h3 g5 7. Bd2 e5 8. dxe5
dxe5 9. e3 Bc5 10. Qc2 e4 11. Nd4 Ne5 12. Be2 Bxd4 13. exd4 Qxd4 14. Be3 Nd3+
15. Bxd3 Qxd3 16. Qxd3 exd3 17. O-O-O f4 18. Bd4 Kf7 19. Rxd3 Be6 20. b3 Bf5
21. Rdd1 Ne4 22. Nxe4 Bxe4 23. f3 Bf5 24. Bxh8 Rxh8 25. Rhe1 Kg6 26. Re7 Rc8
27. Rde1 Kf6 28. Re8 Rxe8 29. Rxe8 Bd3 30. Rd8 Bf1 31. Rd2 h5 32. Kd1 Bxc4 33.
bxc4 1-0

[Event "ENCI Limburg-open B"]
[Site "Maastricht"]
[Date "2008.05.09"]
[Round "1"]
[White "Hollands, Maxim"]
[Black "Wissink, Sander"]
[Result "0-1"]
[WhiteElo "1704"]
[BlackElo "1894"]
[PlyCount "64"]
[EventDate "2008.05.09"]
[EventType "swiss"]
[EventRounds "7"]
[EventCountry "NED"]
[Source "P.Boonen"]
[SourceDate "2010.01.01"]

1. d4 Nf6 2. c4 c5 3. d5 e6 4. Nc3 exd5 5. cxd5 d6 6. Bg5 Be7 7. Nf3 O-O 8. e3
Nbd7 9. Be2 h6 10. Bh4 Nb6 11. O-O Bf5 12. Re1 Ne4 13. Bxe7 Qxe7 14. Qb3 Rfe8
15. Rad1 Rab8 16. Nd2 Nxd2 17. Rxd2 Nd7 18. Bd1 Qg5 19. Ne2 Ne5 20. Ng3 c4 21.
Qc3 Nd3 22. Ree2 Bg4 23. f3 Rxe3 24. fxg4 Rbe8 25. Qxc4 Rxe2 26. Rxe2 Rxe2 27.
Qxd3 Rd2 28. Qf3 Qe5 29. Ne4 Qd4+ 30. Nf2 Rxb2 31. Bb3 Qd2 32. h3 Qe1+ 0-1

[Event "ENCI Limburg-open B"]
[Site "Maastricht"]
[Date "2008.05.09"]
[Round "1"]
[White "Ingelaere, Frederic"]
[Black "Boele, Martijn"]
[Result "1/2-1/2"]
[WhiteElo "1691"]
[BlackElo "1860"]
[PlyCount "47"]
[EventDate "2008.05.09"]
[EventType "swiss"]
[EventRounds "7"]
[EventCountry "NED"]
[Source "P.Boonen"]
[SourceDate "2010.01.01"]

1. e4 c5 2. Nc3 Nc6 3. Nf3 d6 4. d4 cxd4 5. Nxd4 Nf6 6. Be2 g6 7. Be3 Bg7 8.
Qd2 Ne5 9. f3 Bd7 10. O-O-O Rc8 11. h4 h5 12. Kb1 O-O 13. Bh6 Nc4 14. Bxc4 Rxc4
15. Bxg7 Kxg7 16. Rhe1 Qa5 17. Nb3 Qc7 18. f4 Bg4 19. e5 Nd7 20. exd6 exd6 21.
Nb5 Qb6 22. Nxd6 Rc6 23. Qd4+ Qxd4 24. Rxd4 1/2-1/2

[Event "ENCI Limburg-open B"]
[Site "Maastricht"]
[Date "2008.05.09"]
[Round "1"]
[White "Klokgieters, Dick"]
[Black "Sanders, Catheleijne"]
[Result "1/2-1/2"]
[WhiteElo "1523"]
[BlackElo "1285"]
[PlyCount "64"]
[EventDate "2008.05.09"]
[EventType "swiss"]
[EventRounds "7"]
[EventCountry "NED"]
[Source "P.Boonen"]
[SourceDate "2010.01.01"]

1. e4 e5 2. Nf3 Nc6 3. Bc4 Bc5 4. d3 h6 5. c3 Nf6 6. h3 d6 7. O-O Be6 8. Bxe6
fxe6 9. Qb3 Qd7 10. Be3 Bb6 11. Bxb6 axb6 12. Qd1 O-O 13. b4 Qf7 14. Nbd2 Nh5
15. b5 Ne7 16. d4 exd4 17. cxd4 Qg6 18. Kh2 Nf4 19. g3 Nh5 20. Rg1 d5 21. Qe2
dxe4 22. Nxe4 Nf6 23. Ned2 Nfd5 24. Ne5 Qf6 25. Ne4 Qf5 26. Rgc1 Rac8 27. a4
Nf6 28. Nxf6+ Qxf6 29. Kg2 Qf5 30. f4 Ng6 31. Qf3 Nxe5 32. dxe5 g5 1/2-1/2

[Event "ENCI Limburg-open B"]
[Site "Maastricht"]
[Date "2008.05.09"]
[Round "1"]
[White "Klokgieters, Jeroen"]
[Black "De Vries, Paul"]
[Result "1/2-1/2"]
[WhiteElo "1169"]
[BlackElo "1495"]
[PlyCount "46"]
[EventDate "2008.05.09"]
[EventType "swiss"]
[EventRounds "7"]
[EventCountry "NED"]
[Source "P.Boonen"]
[SourceDate "2010.01.01"]

1. e4 d6 2. Nf3 g6 3. d3 Bg7 4. Nc3 a6 5. Bd2 b6 6. Be2 Bb7 7. a3 Nd7 8. O-O e6
9. h3 Ne7 10. Rb1 h6 11. Qe1 O-O 12. Qc1 Kh7 13. Re1 f5 14. Kf1 Nf6 15. exf5
Nxf5 16. Bd1 e5 17. Be3 Nxe3+ 18. Qxe3 Qd7 19. d4 exd4 20. Nxd4 Rae8 21. Qd2 c5
22. Rxe8 Rxe8 23. Nf3 Qc6 1/2-1/2

[Event "ENCI Limburg-open B"]
[Site "Maastricht"]
[Date "2008.05.09"]
[Round "1"]
[White "Knof, Henrike"]
[Black "Kalkman De Koster, Franzke"]
[Result "1-0"]
[WhiteElo "1422"]
[BlackElo "1390"]
[PlyCount "85"]
[EventDate "2008.05.09"]
[EventType "swiss"]
[EventRounds "7"]
[EventCountry "NED"]
[Source "P.Boonen"]
[SourceDate "2010.01.01"]

1. e4 c5 2. Nf3 d6 3. d4 cxd4 4. Nxd4 Nf6 5. Nc3 a6 6. Bd3 e6 7. O-O e5 8. Nf5
Nc6 9. f4 Bxf5 10. exf5 Qb6+ 11. Kh1 h5 12. h3 h4 13. Bc4 Rd8 14. Nd5 Nxd5 15.
Bxd5 Be7 16. Qg4 Bf6 17. fxe5 Nxe5 18. Qe4 Rd7 19. Be3 Qc7 20. c4 O-O 21. Rg1
Re7 22. Qc2 Rfe8 23. Bf2 Nd7 24. Qb3 Nc5 25. Qf3 Nd7 26. Qh5 Ne5 27. Bxh4 Bxh4
28. Qxh4 Qd7 29. Be4 Ng6 30. fxg6 Rxe4 31. Qh7+ Kf8 32. gxf7 Qxf7 33. Raf1 Rf4
34. Qd3 Re6 35. Rxf4 Rf6 36. Rxf6 gxf6 37. Qxd6+ Kg7 38. Qg3+ Kf8 39. Qh4 Kg7
40. Rf1 b5 41. Qg4+ Kf8 42. Rd1 a5 43. Rd8+ 1-0

[Event "ENCI Limburg-open B"]
[Site "Maastricht"]
[Date "2008.05.09"]
[Round "1"]
[White "Koehorst, Andre"]
[Black "Roelofs, Iris"]
[Result "1-0"]
[WhiteElo "1553"]
[BlackElo "1330"]
[PlyCount "73"]
[EventDate "2008.05.09"]
[EventType "swiss"]
[EventRounds "7"]
[EventCountry "NED"]
[Source "P.Boonen"]
[SourceDate "2010.01.01"]

1. d4 d5 2. c4 Nf6 3. Nc3 c6 4. Bg5 e6 5. e3 Be7 6. Bd3 c5 7. cxd5 Nxd5 8. Bxe7
Qxe7 9. Nxd5 exd5 10. dxc5 Qxc5 11. Ne2 Nc6 12. O-O O-O 13. Rc1 Qb6 14. Qc2 g6
15. h4 Nb4 16. Qb1 Nxd3 17. Qxd3 Rd8 18. Qc3 Be6 19. Nd4 Qd6 20. Rc2 b6 21.
Rfc1 Qd7 22. Qd2 Rdc8 23. Qe2 Re8 24. Rc7 Qa4 25. b3 Qa5 26. h5 Rac8 27. Nxe6
Rxc7 28. Nxc7 Rc8 29. h6 f6 30. Qb2 Kf7 31. a4 g5 32. Qc2 Rh8 33. Nb5 Qb4 34.
Qf5 a6 35. Rc7+ Kg8 36. Qc8+ Qf8 37. Rg7# 1-0

[Event "ENCI Limburg-open B"]
[Site "Maastricht"]
[Date "2008.05.09"]
[Round "1"]
[White "Krug, Franz Dieter"]
[Black "Morren, Emily"]
[Result "1-0"]
[WhiteElo "1457"]
[BlackElo "1416"]
[PlyCount "105"]
[EventDate "2008.05.09"]
[EventType "swiss"]
[EventRounds "7"]
[EventCountry "NED"]
[Source "P.Boonen"]
[SourceDate "2010.01.01"]

1. d4 e6 2. Nf3 d5 3. c4 Nf6 4. Nc3 Bd7 5. h3 c5 6. dxc5 dxc4 7. e3 Bxc5 8.
Bxc4 O-O 9. O-O Bc6 10. Ne5 Qxd1 11. Rxd1 a6 12. a3 b5 13. Be2 Bb7 14. b4 Bb6
15. Bb2 Nc6 16. Nxc6 Bxc6 17. Rd6 Rac8 18. Kf1 Rfd8 19. Rad1 Rxd6 20. Rxd6 Ne8
21. Rd1 Rd8 22. f3 Rxd1+ 23. Nxd1 Nd6 24. Bd3 Bd5 25. Bc1 Bc4 26. Ke2 Bxd3+ 27.
Kxd3 Kf8 28. Nf2 f5 29. g4 f4 30. Ne4 Bxe3 31. Bxe3 Nxe4 32. Kxe4 fxe3 33. Kxe3
Ke7 34. Kd4 Kd6 35. f4 g6 36. g5 Kc6 37. Ke5 Kb6 38. Kd6 a5 39. Kxe6 axb4 40.
axb4 Kc6 41. h4 Kc7 42. f5 gxf5 43. Kxf5 Kd6 44. Ke4 Ke6 45. h5 Ke7 46. Ke5 Kf7
47. Kd6 Ke8 48. Kc6 Kf7 49. Kxb5 Ke6 50. Kc6 Kf5 51. g6 hxg6 52. hxg6 Kxg6 53.
b5 1-0

[Event "ENCI Limburg-open B"]
[Site "Maastricht"]
[Date "2008.05.09"]
[Round "1"]
[White "Kukhianidze, Nadia"]
[Black "Visse, Bernard"]
[Result "1-0"]
[WhiteElo "1248"]
[BlackElo "1518"]
[PlyCount "57"]
[EventDate "2008.05.09"]
[EventType "swiss"]
[EventRounds "7"]
[EventCountry "NED"]
[Source "P.Boonen"]
[SourceDate "2010.01.01"]

1. Nf3 f5 2. d4 g6 3. e3 Nf6 4. Nbd2 d6 5. Be2 Bg7 6. c3 O-O 7. O-O Qe8 8. Qc2
e5 9. dxe5 dxe5 10. e4 Kh8 11. Bd3 fxe4 12. Nxe4 Nxe4 13. Bxe4 c6 14. Qe2 Bf5
15. Bxf5 gxf5 16. Qc4 Nd7 17. Qh4 Qg6 18. Qh3 Bf6 19. Rd1 Rad8 20. Be3 b6 21.
Rd6 f4 22. Bxf4 exf4 23. Rxd7 Rxd7 24. Qxd7 Rg8 25. Qh3 Qc2 26. Qh6 Bxc3 27.
bxc3 Qxc3 28. Re1 Qxf3 29. Qf6+ 1-0

[Event "ENCI Limburg-open B"]
[Site "Maastricht"]
[Date "2008.05.09"]
[Round "1"]
[White "Kuster, Edward"]
[Black "De Vries, Robert"]
[Result "1/2-1/2"]
[WhiteElo "1365"]
[BlackElo "1573"]
[PlyCount "57"]
[EventDate "2008.05.09"]
[EventType "swiss"]
[EventRounds "7"]
[EventCountry "NED"]
[Source "P.Boonen"]
[SourceDate "2010.01.01"]

1. d4 d5 2. c4 e6 3. Nc3 Nf6 4. Bg5 Be7 5. e3 O-O 6. Nf3 b6 7. Bd3 dxc4 8. Bxc4
Bb7 9. O-O Ne4 10. Nxe4 Bxe4 11. Bf4 Bd6 12. Bxd6 cxd6 13. Rc1 Nd7 14. Nd2 Bb7
15. Rc3 d5 16. Bb3 f5 17. Qe2 Nf6 18. Bc2 Qd6 19. a3 Rac8 20. Qd3 Rxc3 21. Qxc3
Rc8 22. Qd3 Ba6 23. Qxa6 Rxc2 24. Qd3 Qc7 25. b4 Rc1 26. g3 Qc3 27. Qxc3 Rxc3
28. Ra1 Rc2 29. Nf3 1/2-1/2

[Event "ENCI Limburg-open B"]
[Site "Maastricht"]
[Date "2008.05.09"]
[Round "1"]
[White "Liston, Mike"]
[Black "Schrijvers, Kees"]
[Result "1-0"]
[WhiteElo "1812"]
[BlackElo "1655"]
[PlyCount "49"]
[EventDate "2008.05.09"]
[EventType "swiss"]
[EventRounds "7"]
[EventCountry "NED"]
[Source "P.Boonen"]
[SourceDate "2010.01.01"]

1. e4 Nf6 2. e5 Nd5 3. d4 d6 4. Nf3 dxe5 5. dxe5 e6 6. a3 Be7 7. Be2 O-O 8. O-O
c6 9. c4 Nc7 10. Nc3 b6 11. Ne4 f6 12. Qc2 Bb7 13. Rd1 Qe8 14. exf6 Bxf6 15.
Bd3 Qh5 16. Nxf6+ Rxf6 17. Bg5 Rf8 18. h4 Nba6 19. Ne5 b5 20. g4 Qe8 21. Bxh7+
Kh8 22. Bg6 Qc8 23. Nf7+ Kg8 24. Bh7+ Kxf7 25. Qg6# 1-0

[Event "ENCI Limburg-open B"]
[Site "Maastricht"]
[Date "2008.05.09"]
[Round "1"]
[White "Lombaers, Peter"]
[Black "Heijenrath, Jan"]
[Result "1-0"]
[WhiteElo "1663"]
[BlackElo "1821"]
[PlyCount "89"]
[EventDate "2008.05.09"]
[EventType "swiss"]
[EventRounds "7"]
[EventCountry "NED"]
[Source "P.Boonen"]
[SourceDate "2010.01.01"]

1. e4 c5 2. d4 cxd4 3. c3 dxc3 4. Nxc3 Nc6 5. Nf3 d6 6. Bc4 Nf6 7. e5 dxe5 8.
Qxd8+ Kxd8 9. Ng5 e6 10. Nxf7+ Ke8 11. Nxh8 Bb4 12. O-O Bxc3 13. bxc3 Kf8 14.
Bd3 e4 15. Bb5 Kg8 16. Rd1 Bd7 17. Bg5 Be8 18. Rd6 Kxh8 19. Rxe6 Bf7 20. Rd6
Ne8 21. Rd7 Ne5 22. Re7 Ng6 23. Bxe8 Bxe8 24. Rxb7 Ba4 25. Rab1 Kg8 26. Rb8+
Rxb8 27. Rxb8+ Kf7 28. Rb7+ Ke6 29. Rxa7 Bc2 30. Rxg7 Kf5 31. Be3 h5 32. c4 Ne5
33. c5 h4 34. Rh7 Kg4 35. h3+ Kf5 36. Rxh4 Bd3 37. Rh6 Ng6 38. g4+ Kf6 39. c6
Ba6 40. Bd4+ Kf7 41. c7 Bc8 42. a4 Bb7 43. a5 Bc8 44. h4 Nf4 45. Rf6+ 1-0